000 00332nam a22001337a 4500
020 _a969350867-x
040 _cNust
082 _a891.4393
_bBAN
100 _aBano Qudsia
245 _aتوجہ کی طالب
260 _aLahore:
_bSang e meel publications,
_c1999.
650 _aتوجہ کی طالب
_9127488
942 _2ddc
_cBK
999 _c612602
_d612602